000 00596nam a2200205 i 4500
001 26147
003 ES-MaACL
005 20230906153408.0
007 t|
008 030107s1960 sp ||||1| spa d
100 1 _aArocena, Fausto.
_923138
245 1 0 _aGaribay /
_cFausto Arocena.
260 _aZarauz :
_bIcharopena,
_c[1960]
300 _a156 p. :
_bretr. biog. ;
_c19 cm.
490 1 _aColección Auñamendi ;
_v10
600 1 4 _aGaribay y Zamalloa, Esteban de.
_955551
830 0 _aColección Auñamendi ;
_v10
_9181019
852 _aES-MaACL
_jC-18708
_bR.46261
999 _c26147
_d26147